|
|
|
|
| LEADER |
00901nam a22002417a 4500 |
| 001 |
30818 |
| 003 |
BD-DhAAL |
| 005 |
20170104111841.0 |
| 008 |
160107s2013 bg ||||| |||| 00| 0 ben d |
| 020 |
|
|
|a 9789849030263
|
| 040 |
|
|
|a BD-DhAAL
|c BD-DhAAL
|
| 082 |
|
|
|2 22
|a 891.44301
|
| 100 |
|
|
|a নাহার, বদরুন
|9 17254
|
| 245 |
|
|
|a বৃহস্পতিবার /
|c বদরুন নাহার
|
| 260 |
|
|
|a ঢাকা :
|b শুদ্ধস্বর,
|c ২০১৩
|
| 300 |
|
|
|a ৮৫ পৃ. ;
|c ২২ সে. মি.
|
| 526 |
|
|
|a AAL
|
| 541 |
|
|
|e 30818
|
| 650 |
|
|
|a Short stories, Bengali
|9 17255
|
| 852 |
|
|
|a Ayesha Abed Library
|c General Stacks
|
| 942 |
|
|
|2 ddc
|c BK
|
| 999 |
|
|
|c 36568
|d 36568
|
| 952 |
|
|
|0 0
|1 0
|2 ddc
|4 0
|6 891_443010000000000_NAH
|7 0
|9 57548
|a BRACUL
|b BRACUL
|c GEN
|d 2016-01-07
|e Tamara Abed, BRAC
|l 3
|m 14
|o 891.44301 NAH
|p 3010030818
|r 2024-10-03
|s 2024-09-11
|t 1
|w 2016-01-07
|y BK
|